Charlie bone and the invisible boy / (Record no. 3777)

MARC details
000 -LEADER
fixed length control field 00830nam a22002417a 4500
001 - CONTROL NUMBER
control field 3777
003 - CONTROL NUMBER IDENTIFIER
control field FISKH
005 - DATE AND TIME OF LATEST TRANSACTION
control field 20240507093904.0
008 - FIXED-LENGTH DATA ELEMENTS--GENERAL INFORMATION
fixed length control field 240507b cb ||||| |||| 00| 0 eng d
040 ## - CATALOGING SOURCE
Original cataloging agency FISK
Language of cataloging eng
Transcribing agency FISK
Modifying agency FISK
050 ## - LIBRARY OF CONGRESS CALL NUMBER
Classification number PZ7.N5897
082 ## - DEWEY DECIMAL CLASSIFICATION NUMBER
Classification number 823.914
100 ## - MAIN ENTRY--PERSONAL NAME
Personal name Nimmo Jenny
Dates associated with a name 1944-
245 ## - TITLE STATEMENT
Title Charlie bone and the invisible boy /
Statement of responsibility, etc. Jenny Nimmo
260 ## - PUBLICATION, DISTRIBUTION, ETC.
Place of publication, distribution, etc. New York :
Name of publisher, distributor, etc. Paperback,
Date of publication, distribution, etc. 2004
300 ## - PHYSICAL DESCRIPTION
Extent 408 pages :
Dimensions 20 cm
505 ## - FORMATTED CONTENTS NOTE
Formatted contents note M
520 ## - SUMMARY, ETC.
Summary, etc. Charlie and his friends unite to rescue Ollie, a boy who was turned invisible and made to live in the attics at Bloor's Academy more than a year ago, but they are hindered by a mysterious new student who lives with Charlie's aunts.
521 8# - TARGET AUDIENCE NOTE
Target audience note 720
Source Lexiles,
700 ## - ADDED ENTRY--PERSONAL NAME
Personal name Jenny Nimmo
942 ## - ADDED ENTRY ELEMENTS (KOHA)
Source of classification or shelving scheme Dewey Decimal Classification
Koha item type Books
Suppress in OPAC No
Holdings
Withdrawn status Lost status Source of classification or shelving scheme Damaged status Not for loan Collection Home library Current library Shelving location Date acquired Total Checkouts Full call number Barcode Date due Date last seen Date last checked out Copy number Price effective from Koha item type
    Library of Congress Classification     Fiction Footprints International School Library Network Toul Kork Campus Footprints International School Library Network Toul Tom Poung Campus   05/07/2024 1 NIM PZ7.N5897 823.914 2024-0572 04/10/2026 03/27/2026 03/27/2026 1 05/07/2024 Books